000 00161 a2200085 4500
041 _aeng
100 _aDorros, Arthur
245 _aAbuelo9780061686276
942 _cBK
999 _c14252
_d14252